[Event "DVM U14 2022"]
[Site "Kelheim GER"]
[Date "2022.12.28"]
[Round "3"]
[White "Rühmer, Nico"]
[Black "Wollscheid, Leon"]
[Result "1-0"]
[Termination "normal"]
[Board "10.3"]
[WhiteElo "1391"]
[BlackElo "1123"]
[WhiteClock "00:31:12"]
[BlackClock "01:05:36"]
[WhiteTeam "Schachklub König Plauen"]
[BlackTeam "SF Birkenfeld"]
[PlyCount "59"]
[WhiteFideId "34640339"]
[BlackFideId "34640363"]
[EventCountry "GER"]
[EventRounds "7"]
[EventType "team-swiss"]
[EventDate "2022.12.26"]

1. e4 {[%clk 01:30:58]} {[%emt 00:00:02]} d5 {[%clk 01:30:59]} {[%emt
00:00:01]} 2. exd5 {[%clk 01:31:13]} {[%emt 00:00:14]} Qxd5 {[%clk 01:31:28]}
3. Nc3 {[%clk 01:31:23]} {[%emt 00:00:20]} Qa5 {[%clk 01:31:54]} {[%emt
00:00:05]} 4. d4 {[%clk 01:31:11]} {[%emt 00:00:42]} Nf6 {[%clk 01:32:13]}
{[%emt 00:00:10]} 5. Bd2 {[%clk 01:28:59]} {[%emt 00:02:43]} c6 {[%clk
01:32:33]} {[%emt 00:00:11]} 6. Bc4 {[%clk 01:28:27]} {[%emt 00:01:01]} Bg4
{[%clk 01:30:03]} {[%emt 00:02:59]} 7. Nf3 {[%clk 01:27:00]} {[%emt 00:01:57]}
Nbd7 {[%clk 01:29:11]} {[%emt 00:01:24]} 8. h3 {[%clk 01:25:03]} {[%emt
00:02:25]} Bxf3 {[%clk 01:29:06]} {[%emt 00:00:35]} 9. Qxf3 {[%clk 01:20:36]}
{[%emt 00:04:57]} e6 {[%clk 01:28:57]} {[%emt 00:00:39]} 10. O-O {[%clk
01:17:31]} {[%emt 00:03:35]} O-O-O {[%clk 01:28:00]} {[%emt 00:01:28]} 11. Qf4
{[%clk 01:10:09]} {[%emt 00:07:52]} Nb6 {[%clk 01:23:59]} {[%emt 00:04:31]} 12.
Nb5 {[%clk 01:04:56]} {[%emt 00:05:43]} Nbd5 {[%clk 01:23:01]} {[%emt
00:01:28]} 13. Bxa5 {[%clk 01:03:35]} {[%emt 00:01:51]} Nxf4 {[%clk 01:23:15]}
{[%emt 00:00:15]} 14. Bxd8 {[%clk 01:03:43]} {[%emt 00:00:23]} cxb5 {[%clk
01:23:45]} {[%emt 00:00:01]} 15. Bxf6 {[%clk 01:03:20]} {[%emt 00:00:51]} bxc4
{[%clk 01:21:34]} {[%emt 00:02:42]} 16. Be5 {[%clk 00:57:24]} {[%emt 00:06:25]}
Ne2 {[%clk 01:19:38]} {[%emt 00:02:26]} 17. Kh1 {[%clk 00:57:44]} {[%emt
00:00:10]} f6 {[%clk 01:19:00]} {[%emt 00:01:08]} 18. Bh2 {[%clk 00:56:24]}
{[%emt 00:01:49]} Nxd4 {[%clk 01:18:42]} {[%emt 00:00:49]} 19. c3 {[%clk
00:56:02]} {[%emt 00:00:51]} Nc6 {[%clk 01:17:20]} {[%emt 00:01:52]} 20. Rad1
{[%clk 00:50:49]} {[%emt 00:05:44]} g6 {[%clk 01:14:26]} {[%emt 00:03:23]} 21.
Rfe1 {[%clk 00:49:01]} {[%emt 00:02:19]} Nd8 {[%clk 01:12:34]} {[%emt
00:02:22]} 22. a4 {[%clk 00:48:08]} {[%emt 00:01:24]} Bc5 {[%clk 01:10:35]}
{[%emt 00:02:29]} 23. Re4 {[%clk 00:47:04]} {[%emt 00:01:33]} Bxf2 {[%clk
01:09:09]} {[%emt 00:01:56]} 24. Rxc4 {[%clk 00:47:25]} {[%emt 00:00:10]} Nc6
{[%clk 01:09:36]} {[%emt 00:00:03]} 25. Rf4 {[%clk 00:34:36]} {[%emt 00:13:19]}
Bc5 {[%clk 01:07:37]} {[%emt 00:02:29]} 26. Rxf6 {[%clk 00:32:18]} {[%emt
00:02:47]} e5 {[%clk 01:06:58]} {[%emt 00:01:09]} 27. Re6 {[%clk 00:31:42]}
{[%emt 00:01:06]} Rf8 {[%clk 01:05:47]} {[%emt 00:01:41]} 28. Bxe5 {[%clk
00:30:39]} {[%emt 00:01:33]} Nxe5 {[%clk 01:05:36]} {[%emt 00:00:41]} 29. Rxe5
{[%clk 00:30:58]} {[%emt 00:00:11]} Kc7 {[%clk 01:05:36]} {[%emt 00:00:29]} 30.
Rxc5 {[%clk 00:31:12]} {[%emt 00:00:18]} 1-0

[Event "DVM U14 2022"]
[Site "Kelheim GER"]
[Date "2022.12.28"]
[Round "3"]
[White "Didas, Fynn"]
[Black "da Costa Silva, Pepe"]
[Result "1/2-1/2"]
[Termination "normal"]
[Board "10.4"]
[WhiteElo "1217"]
[BlackElo "1103"]
[WhiteClock "00:16:54"]
[BlackClock "00:26:23"]
[WhiteTeam "SF Birkenfeld"]
[BlackTeam "Schachklub König Plauen"]
[PlyCount "59"]
[WhiteFideId "34640231"]
[BlackFideId "16282000"]
[EventCountry "GER"]
[EventRounds "7"]
[EventType "team-swiss"]
[EventDate "2022.12.26"]

1. e4 {[%clk 01:30:30]} c5 {[%clk 01:30:30]} 2. c3 {[%clk 01:30:30]} Nc6 {[%clk
01:30:30]} 3. d4 {[%clk 01:30:30]} cxd4 {[%emt 14:25:03]} 4. cxd4 {[%clk
01:32:02]} {[%emt 00:00:09]} d5 {[%clk 01:30:02]} {[%emt 00:01:40]} 5. e5
{[%clk 01:31:54]} {[%emt 00:00:38]} Qb6 {[%clk 01:28:42]} {[%emt 00:01:50]} 6.
Nf3 {[%clk 01:30:40]} {[%emt 00:01:44]} Bg4 {[%clk 01:28:17]} {[%emt 00:00:54]}
7. Be2 {[%clk 01:28:31]} {[%emt 00:02:40]} e6 {[%clk 01:24:24]} {[%emt
00:04:22]} 8. Qa4 {[%clk 01:25:00]} {[%emt 00:04:01]} Qb4 {[%clk 01:19:23]}
{[%emt 00:05:31]} 9. Qxb4 {[%clk 01:21:00]} {[%emt 00:04:31]} Bxb4 {[%clk
01:16:16]} {[%emt 00:03:37]} 10. Bd2 {[%clk 01:21:24]} {[%emt 00:00:06]} Bxf3
{[%clk 01:16:10]} {[%emt 00:00:35]} 11. Bxf3 {[%clk 01:18:46]} {[%emt
00:03:09]} Nxd4 {[%clk 01:12:22]} {[%emt 00:04:17]} 12. Bxb4 {[%clk 01:18:30]}
{[%emt 00:00:47]} Nc2 {[%clk 01:12:43]} {[%emt 00:00:09]} 13. Kd2 {[%clk
01:18:40]} {[%emt 00:00:20]} Nxb4 {[%clk 01:13:04]} {[%emt 00:00:09]} 14. Nc3
{[%clk 01:18:25]} {[%emt 00:00:45]} Ne7 {[%clk 01:09:59]} {[%emt 00:03:33]} 15.
Nb5 {[%clk 01:16:39]} {[%emt 00:02:17]} Kd7 {[%clk 01:03:02]} {[%emt 00:07:27]}
16. Nd6 {[%clk 01:12:44]} {[%emt 00:04:26]} Rhf8 {[%clk 01:01:48]} {[%emt
00:01:43]} 17. Nxb7 {[%clk 01:08:56]} {[%emt 00:04:19]} Ng6 {[%clk 00:59:52]}
{[%emt 00:02:23]} 18. Rhe1 {[%clk 01:07:13]} {[%emt 00:02:16]} Nc6 {[%clk
00:56:25]} {[%emt 00:03:56]} 19. Nc5 {[%clk 01:06:46]} {[%emt 00:00:57]} Ke7
{[%clk 00:55:19]} {[%emt 00:01:36]} 20. Nd3 {[%clk 01:05:37]} {[%emt 00:01:39]}
Rac8 {[%clk 00:54:34]} {[%emt 00:01:14]} 21. Rac1 {[%clk 00:57:59]} {[%emt
00:08:10]} Nh4 {[%clk 00:50:19]} {[%emt 00:04:43]} 22. Ke3 {[%clk 00:45:37]}
{[%emt 00:12:47]} Ng6 {[%clk 00:47:47]} {[%emt 00:03:07]} 23. Kd2 {[%clk
00:45:51]} {[%emt 00:00:16]} h6 {[%clk 00:46:50]} {[%emt 00:01:28]} 24. a3
{[%clk 00:42:27]} {[%emt 00:03:54]} Na5 {[%clk 00:45:23]} {[%emt 00:01:56]} 25.
Rxc8 {[%clk 00:39:42]} {[%emt 00:03:17]} Rxc8 {[%clk 00:45:33]} {[%emt
00:00:19]} 26. Kd1 {[%clk 00:33:10]} {[%emt 00:07:02]} Nc4 {[%clk 00:38:02]}
{[%emt 00:08:00]} 27. Re2 {[%clk 00:29:54]} {[%emt 00:03:48]} Kd7 {[%clk
00:34:35]} {[%emt 00:03:56]} 28. g3 {[%clk 00:25:41]} {[%emt 00:04:43]} a5
{[%clk 00:29:51]} {[%emt 00:05:14]} 29. Bh5 {[%clk 00:24:05]} {[%emt 00:02:07]}
Nh8 {[%clk 00:26:23]} {[%emt 00:03:58]} 30. Rc2 {[%clk 00:16:54]} {[%emt
00:07:40]} 1/2-1/2